000 nam a22 7a 4500
999 _c19418
_d19418
008 170116b xxu||||| |||| 00| 0 eng d
020 _a9780073304465
100 _aCunningham, William P.
_d2008.
245 _aPrinciples of environmental sciences:
_bInquiry & applications/
_cWilliam P. Cunnigham and Mary Ann Cunningham
250 _a4th ed.
260 _aBoston:
_bMc Graw-hill,
_c2008.
300 _axxii,410p.:
_bill.;
_c27cm.
521 _aIncludes appendix, glossary and index.
650 _aEnvironmental science.
700 _aCunningham, Mary Ann
942 _2lcc
_cBOOKS
_hGE 105 .C865 2008